000 00707nam a22002297a 4500
003 UA-OsUOA
001 102974
007 ta
008 20131007b un ||||| |||| 00| 0 ukr d
100 _aПітюлич М.І.
700 _aШинкар В.А.
090 _a330
_bП36
942 _cSA
040 _aUA-OsUOA
_bukr
_cUA-OsUOA
_dUA-OsUOA
245 _aМакроекономічні проблеми інфляції в умовах економічної трансформації
300 _aС.43-52
955 _a0
041 _aukr
080 _a330
773 0 _w102973
_tРегіональна економіка
_dЛьвів
_d2013
_g2
650 7 _a330 Економіка взагалі
_2UDC
999 _c389212
_d389212